<?xml version="1.0" encoding="UTF-8"?>
<record
    xmlns:xsi="http://www.w3.org/2001/XMLSchema-instance"
    xsi:schemaLocation="http://www.loc.gov/MARC21/slim http://www.loc.gov/standards/marcxml/schema/MARC21slim.xsd"
    xmlns="http://www.loc.gov/MARC21/slim">

  <leader>00493nam a2200133Ia 4500</leader>
  <controlfield tag="008">230202t2018||||xx |||||||||||||| ||spa||</controlfield>
  <datafield tag="110" ind1=" " ind2=" ">
    <subfield code="a">Universidad de Guanajuato</subfield>
  </datafield>
  <datafield tag="245" ind1=" " ind2="0">
    <subfield code="a">An&#xE1;lisis estad&#xED;stico con el SPSS</subfield>
  </datafield>
  <datafield tag="260" ind1=" " ind2=" ">
    <subfield code="b">Universidad de Guanajuato</subfield>
    <subfield code="c">2018</subfield>
  </datafield>
  <datafield tag="519" ind1=" " ind2=" ">
    <subfield code="b">Psicolog&#xED;a 2.0</subfield>
    <subfield code="c">Anal&#xED;tica y Software Aplicado</subfield>
  </datafield>
  <datafield tag="538" ind1=" " ind2=" ">
    <subfield code="a">Acceso v&#xED;a web</subfield>
  </datafield>
  <datafield tag="856" ind1=" " ind2=" ">
    <subfield code="u">https://blogs.ugto.mx/enfermeriaenlinea/unidad-didactica-4-analisis-estadistico-con-el-spss/</subfield>
  </datafield>
  <datafield tag="942" ind1=" " ind2=" ">
    <subfield code="c">Recurso Electr&#xF3;nico</subfield>
  </datafield>
  <datafield tag="952" ind1=" " ind2=" ">
    <subfield code="0">0</subfield>
    <subfield code="1">0</subfield>
    <subfield code="2">lcc</subfield>
    <subfield code="4">0</subfield>
    <subfield code="7">0</subfield>
    <subfield code="a">BD-UIN</subfield>
    <subfield code="b">BD-UIN</subfield>
    <subfield code="d">2023-02-02</subfield>
    <subfield code="l">0</subfield>
    <subfield code="o">94</subfield>
    <subfield code="p">94</subfield>
    <subfield code="r">2023-02-02</subfield>
    <subfield code="t">94</subfield>
    <subfield code="w">2023-02-02</subfield>
    <subfield code="y">RAA</subfield>
  </datafield>
  <datafield tag="999" ind1=" " ind2=" ">
    <subfield code="c">105100</subfield>
    <subfield code="d">105100</subfield>
  </datafield>
</record>
